Statistics for Which colonies did Italy have?

Click here to take the quiz!

General Stats

  • This quiz has been taken 201 times
  • The average score is 9 of 14

Answer Stats

YearsColonies% Correct
1936 - 1941Ethiopia
96%
1912 - 1943Libya
93%
1889 - 1941 / 1950 - 1960Somalia
89%
1882 - 1941Eritrea
87%
1939 - 1943Albania
78%
1912 - 1943Dodecanese (Greece)
78%
1920 - 1943Istria (Croatia - Slovenia)
66%
1920 - 1943Dalmatia (Croatia - Montenegro)
60%
1920 - 1943Zadar (Croatia)
58%
1924 - 1943Fiume (Croatia)
56%
1919 - 1922Antalya (Ottoman Empire)
54%
1894 - 1897Kassala (Sudan)
45%
1901 - 1947Tianjin (China)
40%
1935 - 1943Aouzou Strip (Chad)
28%

Score Distribution

Percentile by Number Answered

Percent of People with Each Score

Your Score History

You have not taken this quiz